000 01080nam a22003137a 4500
003 OSt
005 20260601171020.0
008 260520b2014\\\\mx\a||||\||||\00|\0\spa\d
020 _a9786077784715
020 _a9786075165677
040 _aICI
_bspa
_cICI
_erda
050 _aNK1414.A1
_bM35 2014
100 1 _aMallet, Ana Elena,
_eautor
245 1 _aLa Bauhaus y el México moderno :
_bel diseño de Van Beuren /
_cAna Elena Mallet ; Barry Bergdoll.
246 1 _aDiseño de Van Beuren
250 _aPrimera edición.
260 _bArquine,
_c2014.
264 _aMéxico, D.F. :
_bArquine,
_c2014.
300 _a99 páginas :
_bilustraciones (algunas a color) ;
336 _2rdacontent
_atexto
337 _2rdamedia
_asin medio
338 _2rdacarrier
_avolumen
650 _aDiseño de muebles
_xHistoria
_ySiglo XX
_zMéxico
_934503
650 _aArtes decorativas
_xHistoria
_ySiglo XX
_zMéxico
_934504
650 _aDiseño industrial
_xHistoria
_ySiglo XX
_zMéxico
_934505
650 _aBauhaus
_917336
700 1 _aBergdoll, Barry,
_eautor
_934506
942 _2lcc
_cB
_n1
999 _c20843
_d20843